000 00769nam a2200229Ia 4500
001 15152
003 GE_BSU
008 181216s||||||||xx |||||||||||||| ||und||
040 _cGE_BSU
080 _a821.353.1-7
100 _aნიშნიანიძე,გიზო
245 _aსიცილ-სიცილში
245 _bიუმორ. მოთხრობები
245 _cრედ. რეზო მიშველაძე. მხატვ. ჯ. ლოლუა
260 _aთბილისი
260 _bხელოვნება
260 _c1976
300 _a351გვ. : ილ. ; 21სმ
653 _aიუმორ. მოთხრობები
653 _aსიცილ-სიცილში
942 _cBK
999 _c48267
_d48267